| 000 | 00317cam a22001217a 4500 | ||
|---|---|---|---|
| 008 | 180718b1988 xxu||||| |||| 00| 0 eng d | ||
| 082 | _aI5 C457 | ||
| 100 | _aChoudhary, N.G. | ||
| 245 |
_aEffective management _cby N.G. Choudhary |
||
| 260 |
_aCalcutta _bOrient Longman _c1988 |
||
| 300 | _a139p. | ||
| 650 | _aManagement | ||
| 999 |
_c341659 _d341659 |
||